00693cam a2200193 i 450000100100000000500170001000800410002701000130006804000230008105000150010424500660011925000110018526000620019630000210025850001230027965000320040270000220043471000430045600001527020200929164010.0750814s1975 txu 100 0 spa  a75321271 aDO-SdBNPcDLCdDLC00aBT94b.R3403aEl Reino de Dios y America Latina /cC. Rene Padilla, editor. a1. ed. a[El Paso, Tex.] :bCasa Bautista de Publicaciones,c1975. a160 p. ;c22 cm. aPapers presented at the 2d meeting of the Fraternidad Teologica Latinoamericana, held in Lima, Peru, Dec. 11-18, 1972. 0aKingdom of godxCongresses.1 aPadilla, C. Rene.2 aFraternidad Teologica Latinoamericana.